000 00958nam a2200253Ia 4500
003 OSt
005 20220923230618.0
006 a|||||r|||| 00| 0
007 ta
008 220922b |||||||| |||| 00| 0 hin d
024 _a283,821
037 _cTextual
040 _aARTS
_cARTS
_bhin
041 _2hin
_ahin
082 _aV2'J, 152M7
100 _aवर्मा, हरिशचन्द्र, संपा.
245 0 _aमध्यकालीन भारत
_b 75 - 154 ई
246 _aMadhyakālīn bhārata: 750 - 1540 ī
260 _aदिल्ली विश्वविद्यालय
_b हिन्दी माध्यम कार्यान्वय निदेशालय
_c1987
300 _a603पृ.
_ccm.
650 _aविश्व-इतिहास
942 _hV2'J, 152M7
_cTEXL
_2CC
999 _c386034
_d386034